Movies Quiz

Random Movies or Actor Quiz

Movie by main actors Quiz Stats

 Plays Quiz not verified by Sporcle

Score 0/38 Timer 04:00
0 Plays Today
Acotor/Actress Movie % Correct
Daniel Radcliffe, Emma Stone, Rupert GrintHarry Potter Sorcerer's Stone
100%
Shia Lebeouf, Megan FoxTransformers
95.1%
Zach Galifianakis,Bradley Cooper, Ed HelmsHangover
90.2%
Kevin Costner, Whitney HoustonThe Bodyguard
85.2%
Zach Efron, Vanessa HudgensHigh School Musical 3
73.8%
Robert Downey Jr., Jude LawSherlock Holmes
68.9%
Owen Wilson, Vince Vaughn, Rachel McAdamsWedding Crashers
65.6%
Adam Sandler, Adam SandlerJack and Jill
63.9%
Adam Sandler, Christopher McDonaldHappy Gilmore
62.3%
Chris Hemsworth, Anthony Hopkins, Natalie PortmanThor
59%
Kristen Wiig, Maya Rudolph, Rose ByrneBrides Maids
57.4%
Kevin Costner, Rene RussoTin Cup
55.7%
Will Smith, Charlize Theron, Jason Bateman Hancock
55.7%
Cameron Diaz, Jason Segel, Justin TimberlakeBad Teacher
54.1%
Russell Brand, Helen Mirren, Jennifer GarnerArthur
54.1%
Vince Vaughn, Reese Witherspoon4 Christmases
54.1%
Adam Sandler, Darren McGavinBilly Madison
52.5%
Bow Wow, Jonathan Lipnicki, Morris ChestnutLike Mike
50.8%
Hugh Jackman, Evangeline Lilly, Dakota GoyoReal Steel
49.2%
Acotor/Actress Movie % Correct
Adam Sandler, Salma Hayek, Kevin James Grown Ups
49.2%
Edward Norton, Liv Tyler, Tim Roth The Incredible Hulk
49.2%
Chris Evans, Hugo WeavingCaptain America
49.2%
Jason Bateman, Charlie Day, Jason SudeikisHorrible Bosses
45.9%
Ryan Reynolds, Blake Lively, Peter SarsgaardGreen Lantern
45.9%
Brad Pitt, Robin Wright, Jonah HillMoneyball
44.3%
Simon Pegg, Nick Frost, Seth RogenPaul
42.6%
Owen Wilson, Jason SudeikisHall Pass
41%
Michelle Williams, Eddie Redmayne, Kenneth Branagh My Week With Marilyn
39.3%
Meryl Streep, Jim Broadbent, Richard E. Grant The Iron Lady
31.1%
Owen Wilson, Rachel McAdams, Kathy BatesMidnight in Paris
31.1%
Steve Carell, Ryan GoslingCrazy Stupid Love
24.6%
Reese Witherspoon, Luke WilsonLegally Blonde
24.6%
AnnaSophia Robb, Dennis Quaid, Helen HuntSoul Surfer
23%
Selena Gomez, Leighton Meester, Katie CassidyMonte Carlo
19.7%
Vince Vaughn, Kevin JamesThe Dilemma
19.7%
Jack Black, Emily Blunt, Jason SegelGulliver's Travels
18%
Morgan Freeman, Ashley Judd, Harry Connick Jr.Dolphin Tale
16.4%
Vince Vaughn, Paul Giamatti, Elizabeth BanksFred Claus
13.1%

You're not logged in!

Compare scores with friends on all Sporcle quizzes.
OR
Log In

Show Comments

Extras

Top Quizzes Today


Score Distribution

Your Account Isn't Verified!

In order to create a playlist on Sporcle, you need to verify the email address you used during registration. Go to your Sporcle Settings to finish the process.

Report this User

Report this user for behavior that violates our Community Guidelines.

Details: